|
|
|
|
| LEADER |
01548nam a2200349 i 4500 |
| 001 |
34933 |
| 003 |
BD-DhAAL |
| 005 |
20190728161414.0 |
| 008 |
190728t20152015ne b 001 0 eng |
| 999 |
|
|
|c 40791
|d 40791
|
| 010 |
|
|
|a 2014010276
|
| 020 |
|
|
|a 9780123849335 (hbk.)
|
| 020 |
|
|
|a 0123849330 (hbk.)
|
| 040 |
|
|
|a DLC
|b eng
|c DLC
|e rda
|d DLC
|d BD-DhAAL
|
| 041 |
1 |
|
|a eng
|h rus
|
| 042 |
|
|
|a pcc
|
| 050 |
0 |
0 |
|a QA55
|b .G6613 2015
|
| 082 |
0 |
0 |
|a 510.21
|2 23
|
| 100 |
1 |
|
|a Gradshteĭn, I. S.
|q (Izrailʹ Solomonovich)
|9 33211
|
| 240 |
1 |
0 |
|a Tablit︠s︡y integralov, summ, ri︠a︡dov i proizvedeniĭ.
|l English
|
| 245 |
1 |
0 |
|a Table of integrals, series, and products /
|c I.S. Gradshteyn and I.M. Ryzhik ; Daniel Zwillinger, editor ; Victor Moll (Scientific editor), Tulane University, Department of Mathematics ; translated from Russian by Scripta Technica, Inc.
|
| 250 |
|
|
|a Eighth edition.
|
| 260 |
|
|
|a Amsterdam ;
|a Boston :
|b Elsevier, Academic Press is an imprint of Elsevier,
|c c2015
|
| 300 |
|
|
|a xlv, 1133 pages ;
|c 25 cm
|
| 504 |
|
|
|a Includes bibliographical references (pages 1105-1114) and indexes.
|
| 526 |
|
|
|a MNS
|
| 541 |
|
|
|a Book Finder International
|e 34933
|
| 650 |
|
0 |
|a Mathematics
|v Tables.
|9 33212
|
| 700 |
1 |
|
|a Zwillinger, Daniel,
|d 1957-
|9 33213
|
| 852 |
|
|
|a Ayesha Abed Library
|c General Stacks
|
| 942 |
|
|
|2 ddc
|c BK
|
| 952 |
|
|
|0 0
|1 0
|2 ddc
|4 0
|6 510_210000000000000_GRA
|7 0
|9 65787
|a BRACUL
|b BRACUL
|c GEN
|d 2019-07-18
|e Book Finder International
|g 7396.30
|l 1
|m 30
|o 510.21 GRA
|p 3010034933
|r 2023-01-17
|s 2022-05-28
|t 1
|v 7396.30
|w 2019-07-18
|y BK
|